000 00970nam a22002657a 4500
001 06815
003 HDC
007 cr bn ---aaaaa
008 210125b20122012xxu||||| |||| 00| 0 eng d
020 _a9781439862674
040 _aHDC
245 0 _aInnovation in Functional Food Ingredients:
_bPart V
_c/ Dilip Ghosh [and 3 others]
260 _aUnited States:
_bCRC Press,
_c2012
300 _a1 online resource (1 page)
336 _atext
_2rdacontent
337 _acomputer
_2rdamedia
338 _aonline resource
_2rdacarrier
500 _aOriginally from: Innovation in Healthy and Functional Foods, 2012
650 _aFermented foods
_xHealth aspects
_vHandbooks, manuals, etc
_97248
700 _aGhosh, Dilip
_eeditor
_97249
856 _zRequest full-text at [email protected]
942 _2lcc
942 _cCHAP
942 _kEBCH 004295
999 _c4139
_d4139